000
00317nam a2200133Ia 4500
008
240624s9999 xx 000 0 und d
041
_a
eng
082
_a
005.19 MIL
100
_a
MILETIC DARKO
245
_a
MOODLE SECURITY
260
_c
2011
_a
Birmingham
_b
Packt Publishing
300
_a
185 : p.
365
_c
BPS
_b
20
999
_c
17818
_d
17818